00352nam a2200121Ia 4500008004100000245008900041260001700130260000900147300000900156650002300165650001200188856003000200170516s9999 xx 000 0 und d aPilot Prospective Evaluation of 18F-Alfatide II for Detection of Skeletal Metastases bTheranostics c2015 a5:10 xMedical Technology xMedtech uhttp://www.thno.org/v5i10